000 00636nam a2200229Ia 4500
003 OSt
005 20260323121028.0
008 008 250505s9999 xx 000 0 eng d
020 _a9780415988766
037 _aTextBook
040 _aFEDL
_beng
_cFEDL
041 _aeng
_2eng
084 _a370.954, NAI/R
_qFEDL
100 _aNaik J P
245 0 _aStudents' history of education in India (1800-1973)
260 _aDelhi, India
_bMacmillan India Limited
_c1974
300 _axvi,495p.
365 _aINR
_b335
700 _a Nurullah Syed
_9780805
942 _cTB
_h370.954, NAI/R
_2CC
999 _c1395042
_d1395042